Životný štýl mládeže a jeho vplyv na marketingové aktivity vybraných subjektov

Salvato in:
Dettagli Bibliografici
Autore principale: Lieskovská, Vanda, 1961-
Natura: Capitolo di libro
Lingua:slovacco
Soggetti:
Tags: Aggiungi Tag
Nessun Tag, puoi essere il primo ad aggiungerne!!

MARC

LEADER 00000nla a2200000 4500
001 0215502
005 20240502073608.8
041 0 |a slo 
044 |a SK 
245 1 0 |a Životný štýl mládeže a jeho vplyv na marketingové aktivity vybraných subjektov  |c Vanda Lieskovská 
500 |a Abstrakt 
610 2 0 |a mládež 
610 2 0 |a štýl životný 
610 2 0 |a podnikatelia 
610 2 0 |a marketing mix 
610 2 0 |a Európa 
610 2 0 |a Slovensko 
100 1 |a Lieskovská, Vanda, 1961-